书目信息 |
| 题名: |
运筹学
|
|
| 作者: | 李维铮 编著 | |
| 分册: | ||
| 出版信息: | 北京 清华大学出版社 1982 |
|
| 页数: | 520页 | |
| 开本: | 26cm | |
| 丛书名: | ||
| 单 册: | ||
| 中图分类: | O22 | |
| 科图分类: | ||
| 主题词: | ||
| 电子资源: | ||
| ISBN: | 978-7-302-00310-6 | |
| 000 | 00547nam0 2200205 450 | |
| 001 | 100831211825.0 | |
| 005 | 20101105175735.0 | |
| 010 | @a978-7-302-00310-6@dCNY6.50 | |
| 100 | @a20001018d19881982ekmy0chiy0120 ea | |
| 101 | 0 | @achi |
| 102 | @aCN@b110000 | |
| 105 | @ay z 000yy | |
| 106 | @ar | |
| 200 | 1 | @a运筹学@9Yun Chou Xue @f李维铮等编著 |
| 210 | @a北京@c清华大学出版社@d1982@H1988重印 | |
| 215 | @a520页@c图@d26cm | |
| 690 | @aO22@v3 | |
| 701 | 0 | @a李维铮@9Li Wei Zheng@4编著 |
| 801 | 0 | @aCN@bAzMarc@c20130904 |
| 905 | @aBZT@dO22@e8@f1@sO22/8 | |
| 运筹学/李维铮等编著.-北京:清华大学出版社,1982 |
| 520页:图;26cm |
| ISBN 978-7-302-00310-6:CNY6.50 |
| ● |
| 相关链接 |
|
|
|
正题名:运筹学
索取号:O22/8
 
预约/预借
| 序号 | 登录号 | 条形码 | 馆藏地/架位号 | 状态 | 备注 |
| 1 | 2000088356 | 2000088356 | 旧书回溯/ [索取号:O22/8] | 在馆 |